<?xml version="1.0" encoding="UTF-8"?>
<record
    xmlns:xsi="http://www.w3.org/2001/XMLSchema-instance"
    xsi:schemaLocation="http://www.loc.gov/MARC21/slim http://www.loc.gov/standards/marcxml/schema/MARC21slim.xsd"
    xmlns="http://www.loc.gov/MARC21/slim">

  <leader>02832nam a2200217Ia 4500</leader>
  <controlfield tag="003">OSt</controlfield>
  <controlfield tag="005">20260428144055.0</controlfield>
  <controlfield tag="008">210210b1990   xxu||||| |||| 00| 0 eng d</controlfield>
  <datafield tag="040" ind1=" " ind2=" ">
    <subfield code="c">AL</subfield>
  </datafield>
  <datafield tag="041" ind1=" " ind2=" ">
    <subfield code="a">Kannada</subfield>
  </datafield>
  <datafield tag="082" ind1=" " ind2=" ">
    <subfield code="a">598K AJJK</subfield>
  </datafield>
  <datafield tag="100" ind1=" " ind2=" ">
    <subfield code="a">AJJAMPURA KRASHNASVAMI</subfield>
    <subfield code="d">&#xC85;&#xC9C;&#xCCD;&#xC9C;&#xC82;&#xCAA;&#xCC1;&#xCB0; &#xC95;&#xCC3;&#xCB7;&#xCCD;&#xCA3;&#xCB8;&#xCCD;&#xCB5;&#xCBE;&#xCAE;&#xCBF; </subfield>
    <subfield code="9">263065</subfield>
  </datafield>
  <datafield tag="245" ind1=" " ind2=" ">
    <subfield code="a">Khagasiri: Karnatakadalli kandubaruva kelavu Pakshijatigalu</subfield>
    <subfield code="b">&#xC96;&#xC97;&#xCB8;&#xCBF;&#xCB0;&#xCBF;: &#xC95;&#xCB0;&#xCCD;&#xCA8;&#xCBE;&#xC9F;&#xC95;&#xCA6;&#xCB2;&#xCCD;&#xCB2;&#xCBF; &#xC95;&#xC82;&#xCA1;&#xCC1;&#xCAC;&#xCB0;&#xCC1;&#xCB5; &#xC95;&#xCC6;&#xCB2;&#xCB5;&#xCC1; &#xCAA;&#xC95;&#xCCD;&#xCB7;&#xCBF;&#xC9C;&#xCBE;&#xCA4;&#xCBF;&#xC97;&#xCB3;&#xCC1;</subfield>
  </datafield>
  <datafield tag="260" ind1=" " ind2=" ">
    <subfield code="a">Bengaluru</subfield>
    <subfield code="b">Swarnamba publication</subfield>
    <subfield code="c">1990</subfield>
  </datafield>
  <datafield tag="300" ind1=" " ind2=" ">
    <subfield code="a">xxviii,138p</subfield>
  </datafield>
  <datafield tag="520" ind1=" " ind2=" ">
    <subfield code="a">&#xC85;&#xCAA;&#xCBE;&#xCB0; &#xC9C;&#xCC0;&#xCB5;&#xCB0;&#xCBE;&#xCB6;&#xCBF;&#xCAF;&#xCB2;&#xCCD;&#xCB2;&#xCBF; &#xCAA;&#xC95;&#xCCD;&#xCB7;&#xCBF;&#xC97;&#xCB3;&#xCA6;&#xCCD;&#xCA6;&#xCC7; &#xC92;&#xC82;&#xCA6;&#xCC1; &#xCB5;&#xCC8;&#xCB6;&#xCBF;&#xCB7;&#xCCD;&#xC9F;&#xCCD;&#xCAF;. &#xC85;&#xCB5;&#xCC1;&#xC97;&#xCB3; &#xCB5;&#xCBE;&#xCAF;&#xCC1;&#xC97;&#xCAE;&#xCA8;&#xCA6; &#xCAA;&#xCB0;&#xCBF;&#xCAA;&#xCC2;&#xCB0;&#xCCD;&#xCA3;&#xCA4;&#xCC6;, &#xCAE;&#xCA8;&#xCA4;&#xCA3;&#xCBF;&#xCB8;&#xCC1;&#xCB5; &#xCB5;&#xCB0;&#xCCD;&#xCA3;&#xCB5;&#xCBF;&#xCA8;&#xCCD;&#xCAF;&#xCBE;&#xCB8;, &#xC97;&#xCB0;&#xCBF;&#xC97;&#xCC6;&#xCA6;&#xCB0;&#xCC1;&#xCB5; &#xCB5;&#xCC8;&#xC96;&#xCB0;&#xCBF;, &#xC97;&#xCBE;&#xCA8;&#xCB8;&#xCC1;&#xCA7;&#xCC6;, &#xC89;&#xCB2;&#xCCD;&#xCB2;&#xCBE;&#xCB8;&#xCAD;&#xCB0;&#xCBF;&#xCA4; &#xCA6;&#xCBF;&#xCA8;&#xC9A;&#xCB0;&#xCBF;, &#xC86;&#xCB9;&#xCBE;&#xCB0; &#xCA6;&#xCCA;&#xCB0;&#xC95;&#xCBF;&#xCB8;&#xCBF;&#xC95;&#xCCA;&#xCB3;&#xCCD;&#xCB3;&#xCC1;&#xCB5; &#xCB8;&#xCBE;&#xCA7;&#xCA8;&#xCC6;, &#xC97;&#xCC2;&#xCA1;&#xCC1;&#xC95;&#xC9F;&#xCCD;&#xC9F;&#xCC1;&#xCB5; &#xCA8;&#xCBF;&#xCAA;&#xCC1;&#xCA3;&#xCA4;&#xCC6;, &#xCAE;&#xCB0;&#xCBF;&#xCAA;&#xCBE;&#xCB2;&#xCA8;&#xCC6;&#xCAF; &#xCB9;&#xCCA;&#xCA3;&#xCC6;, &#xC86;&#xC97;&#xCAE;&#xCA8;-&#xCA8;&#xCBF;&#xCB0;&#xCCD;&#xC97;&#xCAE;&#xCA8; &#xC87;&#xCB5;&#xCC6;&#xCB2;&#xCCD;&#xCB2; &#xCB5;&#xCBF;&#xCB8;&#xCCD;&#xCAE;&#xCAF;&#xCAD;&#xCB0;&#xCBF;&#xCA4;&#xCB5;&#xCBE;&#xC97;&#xCBF;&#xCA6;&#xCCD;&#xCA6;&#xCC1;, &#xCAA;&#xC95;&#xCCD;&#xCB7;&#xCBF; &#xCB5;&#xCC0;&#xC95;&#xCCD;&#xCB7;&#xCA3;&#xCC6; &#xC87;&#xC82;&#xCA6;&#xCC1; &#xC86;&#xCB8;&#xC95;&#xCCD;&#xCA4;&#xCBF;&#xCA6;&#xCBE;&#xCAF;&#xC95; &#xCB9;&#xCB5;&#xCCD;&#xCAF;&#xCBE;&#xCB8;&#xCB5;&#xCBE;&#xC97;&#xCBF;&#xCA6;&#xCC6;.
&#xC88; &#xCA6;&#xCBF;&#xCB8;&#xCC6;&#xCAF;&#xCB2;&#xCCD;&#xCB2;&#xCBF; &#xC95;&#xCA8;&#xCCD;&#xCA8;&#xCA1; &#xCAC;&#xC82;&#xCA7;&#xCC1;&#xC97;&#xCB3;&#xCBF;&#xC97;&#xCC6; &#xC95;&#xCB0;&#xCCD;&#xCA8;&#xCBE;&#xC9F;&#xC95;&#xCA6;&#xCB2;&#xCCD;&#xCB2;&#xCBF; &#xC95;&#xC82;&#xCA1;&#xCC1; &#xCAC;&#xCB0;&#xCC1;&#xCB5; &#xC9C;&#xCB2;&#xCAA;&#xC95;&#xCCD;&#xCB7;&#xCBF;&#xC97;&#xCB3;&#xCC1;, &#xCA8;&#xCC0;&#xCB0;&#xCCD;&#xCA8;&#xCA1;&#xCBF;&#xC97;&#xCC6;&#xCAF; &#xCAA;&#xC95;&#xCCD;&#xCB7;&#xCBF;&#xC97;&#xCB3;&#xCC1;, &#xC97;&#xC97;&#xCA8; &#xCB5;&#xCBF;&#xCB9;&#xCBE;&#xCB0;&#xCBF;&#xC97;&#xCB3;&#xCC1;, &#xC87;&#xCA4;&#xCCD;&#xCAF;&#xCBE;&#xCA6;&#xCBF;&#xC97;&#xCB3;&#xCB2;&#xCCD;&#xCB2;&#xCBF; &#xC95;&#xCC6;&#xCB2;&#xCB5;&#xCBE;&#xCB0;&#xCC1; &#xCAA;&#xC95;&#xCCD;&#xCB7;&#xCBF;&#xC97;&#xCB3; &#xCAA;&#xCB0;&#xCBF;&#xC9A;&#xCAF;&#xCB5;&#xCA8;&#xCCD;&#xCA8;&#xCC1; &#xCB8;&#xCC2;&#xC95;&#xCCD;&#xCA4; &#xCB5;&#xCB0;&#xCCD;&#xCA3;&#xC9A;&#xCBF;&#xCA4;&#xCCD;&#xCB0;&#xC97;&#xCB3; &#xCAE;&#xCC1;&#xC96;&#xCC7;&#xCA8; &#xCAE;&#xCBE;&#xCA1;&#xCBF;&#xC95;&#xCCA;&#xCA1;&#xCB2;&#xCBE;&#xC97;&#xCBF;&#xCA6;&#xCC6;. &#xCAA;&#xC95;&#xCCD;&#xCB7;&#xCBF; &#xC9C;&#xCC0;&#xCB5;&#xCA8;&#xCA6; &#xC95;&#xCC1;&#xCA4;&#xCC2;&#xCB9;&#xCB2;&#xC95;&#xCBE;&#xCB0;&#xCBF; &#xCB5;&#xCBF;&#xCB6;&#xCC7;&#xCB7;&#xCA4;&#xCC6;&#xC97;&#xCB3;&#xCA8;&#xCCD;&#xCA8;&#xCC1; &#xCB9;&#xCBE;&#xC97;&#xCC2; &#xC85;&#xCB5;&#xCC1;&#xC97;&#xCB3;&#xCC1; &#xCAC;&#xCA6;&#xCC1;&#xC95;&#xCBF; &#xCAC;&#xCBE;&#xCB3;&#xCB2;&#xCC1; &#xCB0;&#xCC2;&#xCA2;&#xCBF;&#xCB8;&#xCBF;&#xC95;&#xCCA;&#xC82;&#xCA1; &#xC85;&#xCA8;&#xCC7;&#xC95; &#xCB8;&#xCBE;&#xCA7;&#xCA8;&#xCC6;&#xC97;&#xCB3;&#xCA8;&#xCCD;&#xCA8;&#xCC1; &#xCAA;&#xCCD;&#xCB0;&#xCAC;&#xC82;&#xCA7;, &#xC85;&#xCA8;&#xCC1;&#xCAC;&#xC82;&#xCA7;&#xC97;&#xCB3;&#xCB2;&#xCCD;&#xCB2;&#xCBF; &#xCAA;&#xCCD;&#xCB0;&#xCB8;&#xCCD;&#xCA4;&#xCBE;&#xCAA; &#xCAE;&#xCBE;&#xCA1;&#xCB2;&#xCBE;&#xC97;&#xCBF;&#xCA6;&#xCC6;.
&#xC95;&#xCA8;&#xCCD;&#xCA8;&#xCA1;&#xCA6;&#xCB2;&#xCCD;&#xCB2;&#xCBF; &#xCB9;&#xCC6;&#xCB8;&#xCB0;&#xCC1; &#xC95;&#xCBE;&#xCA3;&#xCA6; &#xC95;&#xCC6;&#xCB2;&#xCB5;&#xCC1; &#xCAA;&#xC95;&#xCCD;&#xCB7;&#xCBF;&#xC97;&#xCB3;&#xCC1; &#xCB9;&#xCCA;&#xCB8; &#xCB9;&#xCC6;&#xCB8;&#xCB0;&#xCC1; &#xCA4;&#xCB3;&#xCC6;&#xCA6;&#xCC1; &#xC95;&#xCA8;&#xCCD;&#xCA8;&#xCA1;&#xCBF;&#xC97;&#xCB0; &#xCAE;&#xCA8;&#xCA6;&#xCB2;&#xCCD;&#xCB2;&#xCBF; &#xCAE;&#xCC2;&#xCA1;&#xCC1;&#xCB5;&#xC82;&#xCA4;&#xCC6; &#xCAE;&#xCBE;&#xCA1;&#xCB2;&#xCBE;&#xC97;&#xCBF;&#xCA6;&#xCC6;.
</subfield>
  </datafield>
  <datafield tag="650" ind1=" " ind2=" ">
    <subfield code="a"> &#xC95;&#xCB0;&#xCCD;&#xCA8;&#xCBE;&#xC9F;&#xC95;&#xCA6; &#xCB5;&#xCBF;&#xCB5;&#xCBF;&#xCA7; &#xCAA;&#xCCD;&#xCB0;&#xCA6;&#xCC7;&#xCB6;&#xC97;&#xCB3;&#xCB2;&#xCCD;&#xCB2;&#xCBF; &#xC95;&#xC82;&#xCA1;&#xCC1;&#xCAC;&#xCB0;&#xCC1;&#xCB5; &#xCB5;&#xCBF;&#xCB6;&#xCBF;&#xCB7;&#xCCD;&#xC9F; &#xCAE;&#xCA4;&#xCCD;&#xCA4;&#xCC1; &#xCB8;&#xCBE;&#xCAE;&#xCBE;&#xCA8;&#xCCD;&#xCAF; &#xCAA;&#xC95;&#xCCD;&#xCB7;&#xCBF; &#xCAA;&#xCCD;&#xCB0;&#xCAD;&#xCC7;&#xCA6;&#xC97;&#xCB3; &#xCAA;&#xCB0;&#xCBF;&#xC9A;&#xCAF;</subfield>
    <subfield code="9">263066</subfield>
  </datafield>
  <datafield tag="690" ind1=" " ind2=" ">
    <subfield code="a">Birds</subfield>
    <subfield code="9">263067</subfield>
  </datafield>
  <datafield tag="906" ind1=" " ind2=" ">
    <subfield code="a">044106</subfield>
  </datafield>
  <datafield tag="942" ind1=" " ind2=" ">
    <subfield code="2">ddc</subfield>
    <subfield code="c">BK</subfield>
  </datafield>
  <datafield tag="999" ind1=" " ind2=" ">
    <subfield code="c">93768</subfield>
    <subfield code="d">93768</subfield>
  </datafield>
  <datafield tag="952" ind1=" " ind2=" ">
    <subfield code="0">0</subfield>
    <subfield code="1">0</subfield>
    <subfield code="2">ddc</subfield>
    <subfield code="4">0</subfield>
    <subfield code="7">0</subfield>
    <subfield code="8">ZOO</subfield>
    <subfield code="a">AL</subfield>
    <subfield code="b">AL</subfield>
    <subfield code="c">Zoology</subfield>
    <subfield code="d">2021-02-17</subfield>
    <subfield code="e">Athree Book Centre, Mangalore-01.</subfield>
    <subfield code="g">140.00</subfield>
    <subfield code="l">0</subfield>
    <subfield code="o">598K AJJK</subfield>
    <subfield code="p">044106</subfield>
    <subfield code="r">2021-02-17 00:00:00</subfield>
    <subfield code="w">2021-02-17</subfield>
    <subfield code="y">BK</subfield>
  </datafield>
</record>
